00666nam a2200205 a 4500008004100000020001500041050001500056100001900071245006700090260003900157300002200196350000900218490003200227650006000259650004800319650003900367700001800406700002100424710001500445081020s1999 ||||||||||||||||| || u a0821345931 aIBRD(08)TP aFreinkman, Lev10aSubnational budgeting in Russia: preempting a potential crisis aWashington, D.C.bWorld Bankc1999 aviii, 131p.: ill. a0.00 aWorld Bank Technical Papers aINTERGOVERNMENTAL FISCAL RELATIONS--RUSSIA (FEDERATION) aRUSSIA (FEDERATION)--ECONOMIC POLICY--1991- aLOCAL FINANCE--RUSSIA (FEDERATION) atitov, Stepan aTreisman, Daniel aWorld Bank